[Event "Piestany Slovakia op-A"]
[Site "Piestany"]
[Date "2025.07.15"]
[Round "8"]
[White "Hros, Roman"]
[Black "Andre, Tomas"]
[Result "1-0"]
[WhiteElo "2212"]
[BlackElo "2080"]
[PlyCount "87"]
[EventDate "2025.07.08"]
[EventType "swiss"]
[EventRounds "9"]
[EventCountry "SVK"]
[SourceTitle "CB29_2025"]
[SourceDate "2025.07.16"]
[SourceVersion "1"]
[SourceVersionDate "2025.07.16"]
[SourceQuality "1"]

1. c4 Nf6 2. Nf3 e6 3. b3 b6 4. g3 Bb7 5. Bg2 Be7 6. Bb2 c5 7. 0-0 d5 8. cxd5 exd5 9. d4 0-0 10. Nc3 Nc6 11. Rc1 Rc8 12. dxc5 bxc5 13. Na4 Ne4 14. Nd2 Nb4 15. a3 Na6 16. Nxe4 dxe4 17. Qc2 f5 18. Rfd1 Qe8 19. e3 Kh8 20. Bf1 Bf6 21. Rd6 Nb8 22. Bxf6 gxf6 23. Qb2 Qe7 24. Rcd1 Rc6 25. Qd2 Rc7 26. Be2 Bc8 27. Qd5 Nd7 28. Kg2 Ne5 29. Nxc5 Nd3 30. b4 f4 31. Bxd3 exd3 32. exf4 Qe2 33. Qxd3 Qh5 34. Rd8 Rcf7 35. Qd5 Qh3+ 36. Kg1 Rxd8 37. Qxd8+ Kg7 38. Qd5 Re7 39. Qg2 Qh5 40. f3 Re3 41. g4 Qe8 42. Ne4 Qa4 43. Rc1 Ba6 44. Qb2 1-0

[Event "Piestany Slovakia op-A"]
[Site "Piestany"]
[Date "2025.07.13"]
[Round "6"]
[White "Petrek, Dominik"]
[Black "Andre, Tomas"]
[Result "0-1"]
[WhiteElo "2201"]
[BlackElo "2080"]
[PlyCount "56"]
[EventDate "2025.07.08"]
[EventType "swiss"]
[EventRounds "9"]
[EventCountry "SVK"]
[SourceTitle "CB29_2025"]
[SourceDate "2025.07.16"]
[SourceVersion "1"]
[SourceVersionDate "2025.07.16"]
[SourceQuality "1"]

1. d4 d5 2. Bf4 c5 3. e3 cxd4 4. exd4 Nc6 5. c3 f6 6. Bd3 e5 7. Bg3 Be6 8. Qe2 Bd6 9. dxe5 fxe5 10. Nf3 Bg4 11. Qe3 Bxf3 12. Qxf3 Nf6 13. Qd1 0-0 14. 0-0 e4 15. Bxd6 Qxd6 16. Be2 Ne5 17. Na3 Qb6 18. Qb3 Rf7 19. Rad1 Qc5 20. Qb5 Qe7 21. c4 Raf8 22. Qb3 Nfg4 23. Bxg4 Nxg4 24. cxd5 Qc5 25. Qc2 Qd6 26. g3 Nxf2 27. Rde1 Nh3+ 28. Kg2 Rf2+ 0-1

[Event "Piestany Slovakia op-A"]
[Site "Piestany"]
[Date "2025.07.10"]
[Round "3"]
[White "Fizer, Marek"]
[Black "Andre, Tomas"]
[Result "1-0"]
[WhiteElo "2225"]
[BlackElo "2080"]
[PlyCount "81"]
[EventDate "2025.07.08"]
[EventType "swiss"]
[EventRounds "9"]
[EventCountry "SVK"]
[SourceTitle "CB29_2025"]
[SourceDate "2025.07.16"]
[SourceVersion "1"]
[SourceVersionDate "2025.07.16"]
[SourceQuality "1"]

1. c4 Nf6 2. Nc3 d6 3. g3 g6 4. Bg2 Bg7 5. e4 0-0 6. Nge2 e5 7. 0-0 Nbd7 8. d3 c6 9. h3 Rb8 10. a4 a5 11. Be3 Ne8 12. g4 Nc7 13. d4 exd4 14. Nxd4 Nc5 15. f4 N7e6 16. Ra3 Nxd4 17. Bxd4 Bxd4+ 18. Qxd4 Qb6 19. Rf2 Rd8 20. Ne2 Qb4 21. f5 Nd7 22. Rd3 b6 23. Qxd6 Qxd6 24. Rxd6 Bb7 25. fxg6 hxg6 26. b3 Ne5 27. Rff6 Kf8 28. Rd4 Ke7 29. Rf1 Rxd4 30. Nxd4 Rd8 31. Nf3 Nxf3+ 32. Rxf3 c5 33. Re3 g5 34. e5 Rd1+ 35. Bf1 Ke6 36. Kf2 Rd2+ 37. Ke1 Rh2 38. Bd3 Rh1+ 39. Kd2 Rh2+ 40. Kc3 Bg2 41. Re2 1-0

[Event "Piestany Slovakia op-A"]
[Site "Piestany"]
[Date "2025.07.09"]
[Round "2"]
[White "Andre, Tomas"]
[Black "Gay, Lukas"]
[Result "1-0"]
[WhiteElo "2080"]
[BlackElo "2150"]
[PlyCount "77"]
[EventDate "2025.07.08"]
[EventType "swiss"]
[EventRounds "9"]
[EventCountry "SVK"]
[SourceTitle "CB29_2025"]
[SourceDate "2025.07.16"]
[SourceVersion "1"]
[SourceVersionDate "2025.07.16"]
[SourceQuality "1"]

1. e4 e5 2. Nf3 Nc6 3. d4 exd4 4. Nxd4 Qf6 5. Nb3 Qg6 6. Qe2 Nf6 7. f3 Bb4+ 8. c3 Be7 9. c4 0-0 10. Be3 Bb4+ 11. N1d2 Re8 12. a3 Bxd2+ 13. Qxd2 Ne5 14. 0-0-0 c6 15. c5 b6 16. Bd4 bxc5 17. Nxc5 d5 18. f4 Ned7 19. f5 Nxc5 20. Bxc5 Qg4 21. h3 Qg3 22. Bd3 dxe4 23. Bc4 Bxf5 24. Bd6 e3 25. Qc3 Qg6 26. g4 Be4 27. Rhe1 Nd5 28. Bxd5 cxd5 29. Bc5 Rac8 30. Qxe3 Qa6 31. b4 Rxc5+ 32. bxc5 Qc4+ 33. Kb2 Rb8+ 34. Ka1 Rb3 35. Qc1 Rc3 36. Qb2 h6 37. Rc1 d4 38. Rxc3 dxc3 39. Qb4 1-0

[Event "Piestany Slovakia op-A"]
[Site "Piestany"]
[Date "2025.07.08"]
[Round "1"]
[White "Andre, Tomas"]
[Black "Karasek, Lukas"]
[Result "0-1"]
[WhiteElo "2080"]
[BlackElo "2218"]
[PlyCount "76"]
[EventDate "2025.07.08"]
[EventType "swiss"]
[EventRounds "9"]
[EventCountry "SVK"]
[SourceTitle "CB29_2025"]
[SourceDate "2025.07.16"]
[SourceVersion "1"]
[SourceVersionDate "2025.07.16"]
[SourceQuality "1"]

1. e4 c5 2. Nf3 d6 3. d4 cxd4 4. Nxd4 Nf6 5. Nc3 a6 6. Be3 e6 7. f3 b5 8. a3 Nbd7 9. Qd2 Bb7 10. 0-0-0 Rc8 11. g4 Nb6 12. Qf2 Rxc3 13. Nxe6 fxe6 14. Bxb6 Rc7 15. h4 Be7 16. h5 0-0 17. Qg3 Rxc2+ 18. Kxc2 Qxb6 19. Kb1 Nd7 20. h6 g5 21. Be2 Ne5 22. Rhf1 b4 23. a4 Qe3 24. Rde1 Bxe4+ 25. Ka1 Bd3 26. Bxd3 Qxd3 27. Rc1 Bf6 28. Qe1 Qd5 29. Qe2 Qa5 30. Qd1 d5 31. f4 Nc4 32. Rf2 gxf4 33. g5 Be5 34. g6 b3 35. Qxb3 Rb8 36. Rxc4 dxc4 37. Qxc4 Qd5 38. Rxf4 Qd1+ 0-1

[Event "SVK-ch U10"]
[Site "Tatralandia"]
[Date "2025.05.16"]
[Round "7"]
[White "Andre, Tomas"]
[Black "Kostialik, Imrich"]
[Result "1-0"]
[WhiteElo "2075"]
[BlackElo "1659"]
[PlyCount "73"]
[EventDate "2025.05.11"]
[EventType "swiss"]
[EventRounds "9"]
[EventCountry "SVK"]
[SourceTitle "CB21_2025"]
[SourceDate "2025.05.21"]
[SourceVersion "1"]
[SourceVersionDate "2025.05.21"]
[SourceQuality "1"]

1. e4 c5 2. Nc3 Nc6 3. Nge2 Nf6 4. d4 cxd4 5. Nxd4 d6 6. Bg5 g6 7. Qd2 Bg7 8. Nxc6 bxc6 9. 0-0-0 Bb7 10. f3 0-0 11. h4 Bc8 12. e5 Ne8 13. Re1 f6 14. Bc4+ d5 15. Nxd5 Be6 16. Nxf6+ exf6 17. Bxe6+ Kh8 18. Qxd8 Rxd8 19. exf6 Nxf6 20. Rd1 Rb8 21. c3 Nh5 22. g4 Ng3 23. Rh3 Rxf3 24. Rxg3 Rxg3 25. Bf4 Rxc3+ 26. bxc3 Re8 27. Bf7 Rf8 28. Rd7 Bxc3 29. Bh6 Rb8 30. Bg5 Rb5 31. Bc4 Rb8 32. Kc2 Bg7 33. Rd8+ Rxd8 34. Bxd8 Bd4 35. Kd3 c5 36. g5 Bf2 37. Bf6# 1-0

[Event "SVK-ch U10"]
[Site "Tatralandia"]
[Date "2025.05.15"]
[Round "6"]
[White "Kopecny, Adam"]
[Black "Andre, Tomas"]
[Result "1/2-1/2"]
[WhiteElo "1971"]
[BlackElo "2075"]
[PlyCount "40"]
[EventDate "2025.05.11"]
[EventType "swiss"]
[EventRounds "9"]
[EventCountry "SVK"]
[SourceTitle "CB21_2025"]
[SourceDate "2025.05.21"]
[SourceVersion "1"]
[SourceVersionDate "2025.05.21"]
[SourceQuality "1"]

1. d4 Nf6 2. Nf3 e6 3. e3 b6 4. c3 Bb7 5. Bd3 Be7 6. Nbd2 d6 7. e4 Nbd7 8. 0-0 c5 9. Re1 a6 10. a4 cxd4 11. cxd4 e5 12. b4 exd4 13. Nxd4 Ne5 14. Bf1 0-0 15. f4 Ng6 16. Qf3 Re8 17. Ba3 Nd7 18. Nf5 Bf6 19. Rac1 Ndf8 20. b5 Nh4 1/2-1/2

[Event "SVK-chT U16 rapid"]
[Site "Poprad"]
[Date "2025.05.04"]
[Round "6.1"]
[White "Gay, Lukas"]
[Black "Andre, Tomas"]
[Result "1/2-1/2"]
[WhiteElo "2108"]
[BlackElo "1874"]
[PlyCount "66"]
[EventDate "2025.05.04"]
[EventType "team-swiss (rapid)"]
[EventRounds "7"]
[EventCountry "SVK"]
[SourceTitle "CB19_2025"]
[SourceDate "2025.05.07"]
[SourceVersion "1"]
[SourceVersionDate "2025.05.07"]
[SourceQuality "1"]

1. e4 c5 2. Nf3 Nc6 3. Bb5 e6 4. c3 Nf6 5. Qe2 Be7 6. d4 cxd4 7. cxd4 d5 8. e5 Ne4 9. 0-0 0-0 10. Nbd2 Nxd2 11. Bxd2 f6 12. exf6 Bxf6 13. Rac1 Nxd4 14. Nxd4 Bxd4 15. Bb4 Rf6 16. Bc3 Bxc3 17. Rxc3 Bd7 18. Bxd7 Qxd7 19. Rfc1 Raf8 20. Qe5 Qf7 21. f3 Rf5 22. Qc7 d4 23. Qxf7+ R5xf7 24. Rc4 Rd8 25. Rd1 Rfd7 26. f4 Kf7 27. Kf2 b5 28. Rc5 Rd5 29. Rc7+ R8d7 30. Rxd7+ Rxd7 31. Kf3 Kf6 32. Ke4 Rc7 33. Rd2 g5 1/2-1/2

[Event "SVK-chT1W 2425"]
[Site "Slovakia"]
[Date "2025.01.11"]
[Round "5.6"]
[White "Nestorenko, Dmitry"]
[Black "Andre, Tomas"]
[Result "1-0"]
[WhiteElo "2097"]
[BlackElo "1914"]
[PlyCount "69"]
[EventDate "2024.11.16"]
[EventType "team-tourn"]
[EventRounds "11"]
[EventCountry "SVK"]
[SourceTitle "CB14_2025"]
[SourceDate "2024.11.01"]
[SourceVersion "1"]
[SourceVersionDate "2024.11.01"]
[SourceQuality "1"]
[WhiteTeam "Bratislava Slovan II"]
[BlackTeam "Bratislava Doprastav"]
[WhiteTeamCountry "SVK"]
[BlackTeamCountry "SVK"]

1. e4 c5 2. c3 Nf6 3. e5 Nd5 4. d4 d6 5. exd6 Qxd6 6. dxc5 Qxc5 7. Nf3 Bg4 8. h3 Bh5 9. Qb3 Nc6 10. Qxb7 Rb8 11. Qa6 Bxf3 12. gxf3 e5 13. Nd2 Nc7 14. Qa4 f5 15. Bc4 Qb6 16. f4 Bc5 17. 0-0 e4 18. Nb3 Rf8 19. Nxc5 Qxc5 20. Be3 Qd6 21. b4 Qh6 22. Kh2 a6 23. Rg1 Rf6 24. Rad1 Nb5 25. Rc1 Rd8 26. Qxa6 Nc7 27. Qb7 Rd7 28. Qc8+ Nd8 29. Bb3 Rc6 30. Ba4 Nb5 31. Qb8 Rb7 32. Qe5+ Re6 33. Bxb5+ Kf8 34. Qc5+ Rd6 35. Qxf5+ 1-0

[Event "Wch U14 blitz"]
[Site "Terme Catez"]
[Date "2024.12.16"]
[Round "10"]
[White "Rosol, Philip"]
[Black "Andre, Tomas"]
[Result "1-0"]
[WhiteElo "2084"]
[BlackElo "1867"]
[PlyCount "121"]
[EventDate "2024.12.16"]
[EventType "swiss (blitz)"]
[EventRounds "22"]
[EventCountry "SLO"]
[SourceTitle "CB51_2024"]
[SourceDate "2024.12.18"]
[SourceVersion "1"]
[SourceVersionDate "2024.12.18"]
[SourceQuality "1"]

1. d4 Nf6 2. c4 g6 3. Nc3 Bg7 4. e4 d6 5. f4 c5 6. d5 0-0 7. Nf3 e6 8. Be2 exd5 9. cxd5 Re8 10. e5 dxe5 11. fxe5 Ng4 12. e6 fxe6 13. Bg5 Qb6 14. Qd2 c4 15. 0-0-0 Nd7 16. h3 Nf2 17. Be3 Bxc3 18. bxc3 Ne4 19. Bxb6 Nxd2 20. Bd4 Nxf3 21. Bxf3 e5 22. Rhe1 Kf7 23. Bg1 Nf6 24. d6 e4 25. Be2 Be6 26. Rd4 b5 27. Bh2 Rad8 28. Rf1 Bd7 29. a4 a6 30. axb5 axb5 31. Bf4 Kg7 32. Bg5 Rf8 33. Bxf6+ Rxf6 34. Rxf6 Kxf6 35. Rxe4 Bf5 36. Rd4 Ke5 37. g4 Be6 38. Bf3 Rxd6 39. Re4+ Kf6 40. Rf4+ Ke7 41. Be4 Bd7 42. Rf2 Rf6 43. Re2 Re6 44. Kd2 Kd6 45. Bb7 Rxe2+ 46. Kxe2 Bc6 47. Bc8 Bd5 48. Ke3 Kc7 49. Ba6 Bg2 50. Bxb5 Bxh3 51. g5 Bf1 52. Kd4 Kd6 53. Bxc4 Bh3 54. Bg8 Bf5 55. Bxh7 Kc6 56. Ke5 Kc5 57. Kf6 Kc4 58. Bxg6 Bg4 59. Bf7+ Kxc3 60. g6 Bh5 61. g7 1-0

[Event "Wch U10"]
[Site "Montesilvano"]
[Date "2024.11.16"]
[Round "2"]
[White "Andre, Tomas"]
[Black "Sander, Tino"]
[Result "1-0"]
[WhiteElo "1928"]
[BlackElo "1736"]
[PlyCount "81"]
[EventDate "2024.11.15"]
[EventType "swiss"]
[EventRounds "11"]
[EventCountry "ITA"]
[SourceTitle "CB48_2024"]
[SourceDate "2024.11.28"]
[SourceVersion "1"]
[SourceVersionDate "2024.11.28"]
[SourceQuality "1"]

1. e4 e5 2. Nf3 Nc6 3. d4 exd4 4. Nxd4 Nf6 5. Nxc6 bxc6 6. Nd2 d5 7. exd5 cxd5 8. Bb5+ Bd7 9. Bxd7+ Qxd7 10. 0-0 Be7 11. b3 0-0 12. Bb2 a5 13. a4 c5 14. Qf3 d4 15. Nc4 Nd5 16. Rad1 Bf6 17. c3 Qc6 18. cxd4 cxd4 19. Bxd4 Bxd4 20. Rxd4 Nb4 21. Nxa5 Qxf3 22. gxf3 Nc2 23. Rd5 Rfe8 24. Nc6 Ne1 25. f4 Ra6 26. Ne7+ Kf8 27. Rxe1 Ra7 28. Rde5 Raxe7 29. Rxe7 Rxe7 30. Rxe7 Kxe7 31. a5 Kd7 32. a6 Kc7 33. b4 Kb6 34. b5 f6 35. f5 g6 36. fxg6 hxg6 37. f4 g5 38. fxg5 fxg5 39. h4 gxh4 40. Kh2 Ka7 41. Kh3 1-0

[Event "EU-ch U10"]
[Site "Prague"]
[Date "2024.08.25"]
[Round "4"]
[White "Hummatov, Safa"]
[Black "Andre, Tomas"]
[Result "1/2-1/2"]
[WhiteElo "1742"]
[BlackElo "2051"]
[PlyCount "89"]
[EventDate "2024.08.22"]
[EventType "swiss"]
[EventRounds "9"]
[EventCountry "CZE"]
[SourceTitle "CBM 221 Extra"]
[Source "ChessBase"]
[SourceDate "2024.09.30"]
[SourceVersion "1"]
[SourceVersionDate "2024.09.30"]
[SourceQuality "1"]

1. d4 Nf6 2. c4 g6 3. g3 Bg7 4. Bg2 0-0 5. Nc3 d6 6. Nf3 c6 7. 0-0 Nbd7 8. Qc2 Qc7 9. Rd1 e5 10. b3 exd4 11. Nxd4 Nc5 12. Bb2 Re8 13. e4 Ne6 14. Nxe6 Bxe6 15. Re1 a5 16. Rad1 Rad8 17. h3 Nd7 18. Na4 Bxb2 19. Nxb2 Nc5 20. Nd3 Nxd3 21. Rxd3 Qb6 22. Qc3 Qc5 23. Red1 b6 24. e5 d5 25. cxd5 Qxc3 26. Rxc3 Bxd5 27. Bxd5 Rxd5 28. Rxd5 cxd5 29. f4 d4 30. Rd3 Rc8 31. Rxd4 Rc1+ 32. Kf2 Rc2+ 33. Kf3 Rxa2 34. Rd6 b5 35. Rb6 b4 36. Rb5 h5 37. g4 Ra3 38. Kg2 h4 39. f5 Rxb3 40. Rxa5 Rg3+ 41. Kh2 gxf5 42. gxf5 Ra3 43. Rb5 b3 44. Kg2 Ra2+ 45. Kf3 1/2-1/2

[Event "Piestany Slovakia op-B"]
[Site "Piestany"]
[Date "2024.07.16"]
[Round "8"]
[White "Loffay, Pavol"]
[Black "Andre, Tomas"]
[Result "0-1"]
[WhiteElo "1775"]
[BlackElo "2041"]
[PlyCount "54"]
[EventDate "2024.07.09"]
[EventType "swiss"]
[EventRounds "9"]
[EventCountry "SVK"]
[SourceTitle "EXT 2025"]
[Source "ChessBase"]
[SourceDate "2024.10.14"]
[SourceVersion "1"]
[SourceVersionDate "2024.10.14"]
[SourceQuality "1"]

1. e4 e5 2. Nf3 Nc6 3. d4 exd4 4. Nxd4 Nf6 5. Nc3 Bb4 6. Nxc6 bxc6 7. Bd3 0-0 8. 0-0 Re8 9. Re1 d5 10. exd5 Rxe1+ 11. Qxe1 cxd5 12. Bd2 Bb7 13. a3 Bc5 14. Na4 Bd6 15. g3 d4 16. Bb4 Bxb4 17. axb4 Qd5 18. Kf1 Qg2+ 19. Ke2 Re8+ 20. Kd2 Rxe1 21. Rxe1 Bf3 22. Kc1 Qxf2 23. Rf1 Qe3+ 24. Kb1 Ne4 25. Bxe4 Bxe4 26. Rc1 d3 27. cxd3 Bxd3+ 0-1

[Event "Piestany Slovakia op-B"]
[Site "Piestany"]
[Date "2024.07.11"]
[Round "3"]
[White "Deak, Gabriel"]
[Black "Andre, Tomas"]
[Result "1/2-1/2"]
[WhiteElo "1927"]
[BlackElo "2041"]
[PlyCount "45"]
[EventDate "2024.07.09"]
[EventType "swiss"]
[EventRounds "9"]
[EventCountry "SVK"]
[SourceTitle "EXT 2025"]
[Source "ChessBase"]
[SourceDate "2024.10.14"]
[SourceVersion "1"]
[SourceVersionDate "2024.10.14"]
[SourceQuality "1"]

1. d4 Nf6 2. Bf4 d6 3. e3 g6 4. Nf3 Bg7 5. Bc4 0-0 6. Nc3 h6 7. h3 c6 8. a4 Nbd7 9. 0-0 Qc7 10. Qe2 a5 11. Rfe1 e5 12. Bh2 Re8 13. Qf1 Qb6 14. Bb3 g5 15. g4 Qc7 16. Rad1 Nf8 17. dxe5 dxe5 18. Nd2 Ng6 19. Bg3 Be6 20. Bxe6 Rxe6 21. Nde4 Nd5 22. Qc4 Nb6 23. Qc5 1/2-1/2

[Event "Piestany Slovakia op-B"]
[Site "Piestany"]
[Date "2024.07.09"]
[Round "1"]
[White "Ondreicka, Roman"]
[Black "Andre, Tomas"]
[Result "0-1"]
[WhiteElo "1763"]
[BlackElo "2041"]
[PlyCount "108"]
[EventDate "2024.07.09"]
[EventType "swiss"]
[EventRounds "9"]
[EventCountry "SVK"]
[SourceTitle "EXT 2025"]
[Source "ChessBase"]
[SourceDate "2024.10.14"]
[SourceVersion "1"]
[SourceVersionDate "2024.10.14"]
[SourceQuality "1"]

1. e4 c5 2. Nc3 e6 3. g3 Nc6 4. Bg2 a6 5. Nh3 Be7 6. 0-0 Qc7 7. d3 d6 8. f4 Bd7 9. Nf2 Nf6 10. g4 h6 11. a3 g6 12. b3 Nd4 13. Ne2 e5 14. c3 Nxe2+ 15. Qxe2 h5 16. fxe5 Nxg4 17. Nxg4 Bxg4 18. Qf2 Be6 19. exd6 Bxd6 20. Bf4 Bxf4 21. Qxf4 Qxf4 22. Rxf4 0-0-0 23. Bf1 Bxb3 24. c4 Rhf8 25. a4 Bc2 26. Rf3 Rd4 27. Ra2 Bd1 28. Be2 Bxe2 29. Rxe2 Kd7 30. Rb2 Kc7 31. Rbf2 Rd7 32. Kf1 Kb6 33. Rb2+ Ka5 34. Ke2 f5 35. Rf1 Re8 36. Rf4 fxe4 37. Rxe4 Rxe4+ 38. dxe4 Kxa4 39. Rb6 Rg7 40. e5 Re7 41. e6 Ka5 42. Rd6 b5 43. Kd3 g5 44. Rd5 Kb4 45. Rxg5 Rxe6 46. cxb5 axb5 47. Rxh5 c4+ 48. Kd2 Ka4 49. Rh4 Kb3 50. Rh3+ Kb2 51. Rh4 c3+ 52. Kd3 Rd6+ 53. Ke2 c2 54. Rb4+ Ka3 0-1

[Event "SVK-ch U2300"]
[Site "Liptovsky Jan"]
[Date "2024.06.17"]
[Round "5"]
[White "Andre, Tomas"]
[Black "Salgovic, Simon"]
[Result "0-1"]
[WhiteElo "1985"]
[BlackElo "2096"]
[PlyCount "120"]
[EventDate "2024.06.15"]
[EventType "swiss"]
[EventRounds "8"]
[EventCountry "SVK"]
[SourceTitle "CBM 220 Extra"]
[Source "ChessBase"]
[SourceDate "2024.07.31"]
[SourceVersion "1"]
[SourceVersionDate "2024.07.31"]
[SourceQuality "1"]

1. e4 g6 2. d4 Bg7 3. Nf3 d6 4. Nc3 Nf6 5. Be2 c6 6. a4 0-0 7. h3 Qc7 8. Bf4 Nh5 9. Be3 e5 10. Qd2 Re8 11. 0-0-0 a6 12. g4 Nf4 13. Bxf4 exf4 14. Rdg1 b5 15. Qxf4 b4 16. Nd1 c5 17. b3 cxd4 18. Bc4 Be6 19. Nb2 Nd7 20. Ng5 Bxc4 21. Nxc4 Ne5 22. Nxe5 Bxe5 23. Qd2 d5 24. Kb1 Bf4 25. Qxd4 Bxg5 26. h4 Bf4 27. exd5 Re2 28. Qd3 Rd2 29. Qe4 Rc8 30. Rc1 Rxf2 31. Rhf1 Be5 32. Rfe1 f6 33. Re3 Rf4 34. Qg2 Qc5 35. Rd3 Rf2 36. Qg1 Rxc2 37. Qxc5 R2xc5 38. Rcd1 Rc2 39. R3d2 Rxd2 40. Rxd2 Kf7 41. d6 Ke6 42. g5 f5 43. h5 Bxd6 44. hxg6 hxg6 45. a5 Rc5 46. Re2+ Re5 47. Rc2 Rxa5 48. Re2+ Be5 49. Re3 Ra1+ 50. Kc2 Ra2+ 51. Kd3 Kd5 52. Rf3 Rb2 53. Rf1 Rxb3+ 54. Kc2 Rb2+ 55. Kd3 Rg2 56. Rb1 a5 57. Rf1 a4 58. Rc1 a3 59. Rc4 Rg3+ 60. Kc2 Kxc4 0-1

[Event "SVK-chT2A 2324"]
[Site "Slovakia"]
[Date "2024.03.16"]
[Round "10.5"]
[White "Oruzinsky, Juraj"]
[Black "Andre, Tomas"]
[Result "1-0"]
[WhiteElo "2073"]
[BlackElo "1806"]
[PlyCount "70"]
[EventDate "2023.10.07"]
[EventType "team-tourn"]
[EventRounds "11"]
[EventCountry "SVK"]
[SourceTitle "EXT 2025"]
[Source "ChessBase"]
[SourceDate "2024.10.14"]
[SourceVersion "1"]
[SourceVersionDate "2024.10.14"]
[SourceQuality "1"]
[WhiteTeam "Piestany Kupele"]
[BlackTeam "Bratislava Doprastav III"]
[WhiteTeamCountry "SVK"]
[BlackTeamCountry "SVK"]

1. e4 e5 2. Nf3 Nc6 3. Bc4 Nf6 4. d3 h6 5. 0-0 d6 6. c3 g5 7. Re1 g4 8. Nfd2 h5 9. Nf1 h4 10. d4 Bd7 11. a4 Nh5 12. Be2 Rg8 13. Na3 Nf4 14. Nc4 Qf6 15. Nce3 exd4 16. Nd5 Nxd5 17. exd5 Ne7 18. cxd4 0-0-0 19. Qb3 Nf5 20. Bd2 Nxd4 21. Qc4 Nf3+ 22. Bxf3 gxf3 23. g3 Kb8 24. Ra3 hxg3 25. Nxg3 Rg4 26. Qd3 Qd4 27. Rc1 Qxd3 28. Rxd3 Rxa4 29. Rxf3 Bg7 30. b3 Rd4 31. Bc3 Rg4 32. Rxf7 Bd4 33. Kg2 Bxc3 34. Rxc3 Rd4 35. Rcf3 Rxd5 1-0